[Event "Gibtelecom Masters"]
[Site "Gibraltar ENG"]
[Date "2006.01.27"]
[Round "4"]
[White "Phillips,G"]
[Black "Helin,M"]
[Result "1-0"]
[WhiteElo "1790"]
[BlackElo "1970"]
[EventDate "2006.01.24"]

1. e4 c5 2. Nf3 e6 3. d4 cxd4 4. Nxd4 a6 5. c3 Qc7 6. Bd3 Nf6 7. O-O b6 8.
Be3 Bb7 9. Nd2 h5 10. f3 Bd6 11. h3 h4 12. Nc4 Bh2+ 13. Kh1 Nh5 14. Ne2 Nc6
15. Nxb6 Rd8 16. Nc4 Qb8 17. Bb6 Bc7 18. Be3 Ne7 19. Nd2 Ng6 20. Re1 Ngf4
21. Nxf4 Bxf4 22. Bxf4 Qxf4 23. Nf1 g5 24. Qd2 Qe5 25. Bc2 Rh6 26. Rad1 d6
27. Qd4 Qf4 28. Ba4+ Kf8 29. Qb6 Rb8 30. Qc7 d5 31. e5 Kg7 32. Rd4 Qf5 33.
Ne3 Ng3+ 34. Kh2 Rhh8 35. Nxf5+ Nxf5 36. Rb4 Rhc8 37. Qxc8 Rxc8 38. Rxb7
Rd8 39. Bc2 Ng3 40. Ra7 Rb8 41. Rb1 Rb6 42. Bd3 Rc6 43. Rxa6 Rc7 44. a4 Nh5
45. a5 Nf4 46. Bf1 f6 47. exf6+ Kxf6 48. Rb6 Rc5 49. a6 Ra5 50. Rb7 e5 51.
a7 e4 52. fxe4 dxe4 53. Re1 Nh5 54. Bc4 Ra4 55. Bd5 Ra5 56. Rb6+ Ke5 57.
a8=Q Rxd5 58. Qe8+ 1-0

[Event "Gibtelecom Masters"]
[Site "Gibraltar ENG"]
[Date "2006.01.27"]
[Round "4"]
[White "Gonzalez Amaya,M"]
[Black "Slimani,A"]
[Result "0-1"]
[WhiteElo "1892"]
[BlackElo "1956"]
[EventDate "2006.01.24"]

1. e4 e6 2. d3 d5 3. Nd2 Nf6 4. Ngf3 c5 5. g3 Nc6 6. Bg2 b6 7. O-O Be7 8.
Re1 O-O 9. e5 Nd7 10. Nf1 Qc7 11. Bf4 d4 12. h4 Bb7 13. N1h2 Nb4 14. a3 Nd5
15. Bg5 Rae8 16. Ng4 Bxg5 17. Nxg5 Ne7 18. Ne4 Nf5 19. h5 h6 20. b4 Bd5 21.
Rc1 cxb4 22. axb4 Nxe5 23. Nxe5 Qxe5 24. Nc3 Qd6 25. Nxd5 exd5 26. Qg4
Rxe1+ 27. Rxe1 Qxb4 28. Re5 Nd6 29. Rxd5 Ne8 30. Be4 Nf6 31. Qf5 Re8 32.
Re5 Rxe5 33. Qxe5 Qe1+ 34. Kg2 Qxf2+ 35. Kh3 Qh2+ 36. Kxh2 Ng4+ 37. Kg2
Nxe5 38. Kf2 Ng4+ 39. Ke2 Kf8 40. Kd2 Ke7 41. c3 dxc3+ 42. Kxc3 Kd6 43. d4
Nf6 44. Bf3 g6 45. hxg6 fxg6 46. Kc4 a5 47. Kb5 Nd5 48. Kc4 Ne3+ 49. Kb5
Nf5 50. Kxb6 a4 51. Be4 a3 52. Bb1 Kd5 53. g4 Nxd4 54. Ba2+ Ke4 55. Kc5 Nf3
56. Kb4 Kf4 57. Kxa3 Kxg4 58. Be6+ Kg3 59. Kb2 h5 60. Kc3 g5 61. Kd3 g4 0-1

[Event "Gibtelecom Masters"]
[Site "Gibraltar ENG"]
[Date "2006.01.28"]
[Round "5"]
[White "Arizmendi Martinez,J"]
[Black "Georgiev,Ki"]
[Result "0-1"]
[WhiteElo "2534"]
[BlackElo "2645"]
[EventDate "2006.01.24"]

1. e4 e5 2. Nf3 Nc6 3. Bb5 Nf6 4. O-O Nxe4 5. d4 Nd6 6. Bxc6 dxc6 7. dxe5
Nf5 8. Qxd8+ Kxd8 9. Nc3 Ne7 10. Rd1+ Ke8 11. h3 Bf5 12. Nd4 Bg6 13. Bf4
Nf5 14. e6 Bd6 15. Nce2 Rd8 16. exf7+ Kxf7 17. Nxf5 Bxf4 18. Nxf4 Bxf5 19.
Nd3 Rhe8 20. Rd2 Bxd3 21. cxd3 c5 22. Rc1 b6 23. b4 cxb4 24. Rxc7+ Re7 25.
Rc4 Re1+ 26. Kh2 a5 27. Kg3 Ke6 28. f3 Re3 29. Rc6+ Rd6 30. Rxd6+ Kxd6 31.
Kf2 Re7 32. Rc2 b5 33. f4 a4 34. g4 Rc7 35. Rb2 b3 36. axb3 a3 37. Rb1 Rc2+
38. Ke3 a2 39. Ra1 Kc5 0-1

[Event "Gibtelecom Masters"]
[Site "Gibraltar ENG"]
[Date "2006.01.28"]
[Round "5"]
[White "Gyimesi,Z"]
[Black "Arakhamia,K"]
[Result "1-0"]
[WhiteElo "2602"]
[BlackElo "2426"]
[EventDate "2006.01.24"]

1. d4 Nf6 2. c4 g6 3. Nc3 Bg7 4. e4 d6 5. Nf3 O-O 6. Be2 Na6 7. O-O e5 8.
Re1 c6 9. Bf1 Bg4 10. d5 c5 11. h3 Bd7 12. Bg5 Kh8 13. Qd2 Rg8 14. Bd3 Qf8
15. Rf1 Ne8 16. Nh4 f6 17. Be3 Qe7 18. f4 exf4 19. Rxf4 Bh6 20. Rf2 Bxe3
21. Qxe3 g5 22. Nf5 Bxf5 23. Rxf5 Nb8 24. e5 dxe5 25. Raf1 Nd7 26. Ne4 Nd6
27. Nxd6 Qxd6 28. h4 Rg7 29. hxg5 fxg5 30. Rxg5 Qh6 31. Rg3 Qxe3+ 32. Rxe3
Rag8 33. Rf2 Rg5 34. Bf5 R8g7 35. Be6 Re7 36. Ref3 e4 37. Re3 Kg7 38. Rxe4
Nf8 39. Rfe2 Rg6 40. Bc8 Rf7 41. Bg4 Rgf6 42. Re7 Rf1+ 43. Kh2 R1f4 44.
R7e4 b6 45. Kg3 R4f6 46. Bh5 Rd7 47. Be8 Rc7 48. Re7+ Rxe7 49. Rxe7+ 1-0

[Event "Gibtelecom Masters"]
[Site "Gibraltar ENG"]
[Date "2006.01.28"]
[Round "5"]
[White "Spraggett,K"]
[Black "Aaberg,A"]
[Result "0-1"]
[WhiteElo "2581"]
[BlackElo "2383"]
[EventDate "2006.01.24"]

1. e4 c6 2. d4 d5 3. e5 Bf5 4. Nf3 e6 5. Be2 Nd7 6. O-O Bg6 7. Nbd2 Nh6 8.
Nb3 Nf5 9. c3 Be7 10. g4 Nh4 11. Nxh4 Bxh4 12. f4 f5 13. Bd3 Be7 14. h3 Nf8
15. Rf2 Qd7 16. Be3 O-O-O 17. Nc1 h6 18. b4 Bh7 19. b5 g5 20. Qa4 Kb8 21.
bxc6 Qxc6 22. Qxc6 bxc6 23. Rb2+ Ka8 24. Ba6 fxg4 25. Bb7+ Kb8 26. Bxc6+
Kc7 27. Rb7+ Kxc6 28. Rxe7 gxh3 29. fxg5 hxg5 30. Kh2 Bf5 31. Rxa7 g4 32.
Bf2 Nh7 33. Nb3 Ng5 34. c4 g3+ 35. Bxg3 dxc4 36. d5+ Kxd5 37. Ra5+ Ke4 38.
Ra4 Nf3+ 39. Kh1 Rc8 40. Rc1 Rhg8 0-1

[Event "Gibtelecom Masters"]
[Site "Gibraltar ENG"]
[Date "2006.01.28"]
[Round "5"]
[White "Tissir,M"]
[Black "Efimenko,Z"]
[Result "0-1"]
[WhiteElo "2444"]
[BlackElo "2666"]
[EventDate "2006.01.24"]

1. e4 c5 2. Nf3 d6 3. d4 cxd4 4. Nxd4 Nf6 5. Nc3 a6 6. Bc4 e6 7. Bb3 Nc6 8.
Be3 Be7 9. Qe2 Qc7 10. O-O-O Na5 11. g4 b5 12. g5 Nxb3+ 13. axb3 Nd7 14.
Nf5 exf5 15. Nd5 Qd8 16. exf5 Bb7 17. f6 gxf6 18. gxf6 Bxd5 19. Rxd5 Nxf6
20. Rf5 Rg8 21. Bg5 Kd7 22. Re1 Rg6 23. Qf3 Ra7 24. c3 Kc7 25. Rxe7+ Qxe7
26. Bxf6 Qe1+ 27. Kc2 Rg1 28. b4 Qb1+ 29. Kb3 Qd1+ 30. Qxd1 Rxd1 31. Bd4
Rb7 32. Rxf7+ Kc6 33. Rf6 Rd2 34. h4 Rg7 35. h5 Rg1 36. Be3 Re2 37. Ka2
Rge1 38. Rf7 Rc2 39. Ra7 Ree2 40. Rxa6+ Kd5 41. Kb1 Rxb2+ 42. Kc1 Ra2 43.
Rxa2 Rxa2 0-1

[Event "Gibtelecom Masters"]
[Site "Gibraltar ENG"]
[Date "2006.01.28"]
[Round "5"]
[White "Kobese,W"]
[Black "Al Modiahki,M"]
[Result "0-1"]
[WhiteElo "2397"]
[BlackElo "2579"]
[EventDate "2006.01.24"]

1. e4 c5 2. Nf3 e6 3. d4 cxd4 4. Nxd4 Nf6 5. Nc3 d6 6. Bc4 Nc6 7. Be3 Be7
8. Qe2 O-O 9. O-O-O Bd7 10. Bb3 Rc8 11. f4 Na5 12. e5 Ne8 13. Ndb5 Nxb3+
14. axb3 d5 15. Nxa7 Ra8 16. Qf2 f6 17. Bb6 Qb8 18. Qd4 fxe5 19. fxe5 Nc7
20. h4 Kh8 21. Rhf1 Na6 22. g3 h6 23. Ne4 dxe4 24. Qxd7 Bc5 25. Rxf8+ Qxf8
26. Qxb7 Bxb6 27. Qxb6 Nb4 28. Kb1 Nd5 29. Nb5 Nxb6 0-1

[Event "Gibtelecom Masters"]
[Site "Gibraltar ENG"]
[Date "2006.01.28"]
[Round "5"]
[White "Cramling,P"]
[Black "Klinova,M"]
[Result "1-0"]
[WhiteElo "2515"]
[BlackElo "2353"]
[EventDate "2006.01.24"]

1. d4 Nf6 2. Nf3 g6 3. c4 Bg7 4. Nc3 O-O 5. Bg5 c5 6. d5 d6 7. e4 b5 8.
cxb5 a6 9. a4 h6 10. Bd2 e6 11. dxe6 Bxe6 12. Be2 axb5 13. axb5 Rxa1 14.
Qxa1 d5 15. exd5 Nxd5 16. O-O Nd7 17. Qa7 N5b6 18. Re1 Qf6 19. Qa1 Ra8 20.
Qc1 g5 21. h3 Qg6 22. Nh2 Ne5 23. Be3 Rc8 24. Qd1 Nbc4 25. Bc1 Nb6 26. Ng4
c4 27. Nxe5 Bxe5 28. Bh5 Qf6 29. Be3 Rd8 30. Qe2 Nd7 31. Rc1 Rb8 32. Bf3
Bc7 33. Ba7 Rc8 34. Bc6 Bf4 35. Rd1 1-0

[Event "Gibtelecom Masters"]
[Site "Gibraltar ENG"]
[Date "2006.01.28"]
[Round "5"]
[White "Ashton,A"]
[Black "Sundararajan,K"]
[Result "0-1"]
[WhiteElo "2321"]
[BlackElo "2495"]
[EventDate "2006.01.24"]

1. e4 e5 2. Nf3 Nc6 3. Bb5 a6 4. Ba4 Nf6 5. O-O Nxe4 6. d4 b5 7. Bb3 d5 8.
dxe5 Be6 9. Nbd2 Be7 10. c3 O-O 11. Bc2 f5 12. Nb3 Qd7 13. Qe2 b4 14. cxb4
Nxb4 15. Bb1 c5 16. Ne1 Nc6 17. f3 c4 18. fxe4 fxe4 19. Bxe4 Rxf1+ 20. Kxf1
dxe4 21. Nd2 Rf8+ 22. Kg1 Bc5+ 23. Kh1 Qd4 0-1

[Event "Gibtelecom Masters"]
[Site "Gibraltar ENG"]
[Date "2006.01.28"]
[Round "5"]
[White "Spence,D"]
[Black "Shaw,J"]
[Result "1/2-1/2"]
[WhiteElo "2221"]
[BlackElo "2432"]
[EventDate "2006.01.24"]

1. e4 c5 2. c3 d5 3. exd5 Qxd5 4. d4 g6 5. Na3 cxd4 6. Nb5 Na6 7. Qxd4 Nf6
8. Be3 Bg7 9. Nxa7 Bd7 10. Nb5 O-O 11. Nf3 Rfd8 12. Qxd5 Nxd5 13. Bd2 Nc5
14. a3 Nb3 15. Rd1 Nxd2 16. Rxd2 Nf4 17. Nbd4 e5 18. Ne2 e4 19. Nxf4 exf3
20. Nd5 Re8+ 21. Ne3 Bc6 22. gxf3 Bxf3 23. Rg1 Be5 24. h3 Bh2 25. Rg5 f5
26. Be2 Be4 27. Kf1 Kg7 28. f3 Bc6 29. Nxf5+ Kf6 30. Rg2 Bf4 31. Rd4 Be5
32. Nd6 Re6 33. Ne4+ Bxe4 34. Rxe4 Rd8 35. f4 Bc7 36. Rxe6+ Kxe6 37. Bg4+
Kf6 38. Rf2 b6 39. f5 g5 40. Re2 1/2-1/2

[Event "Gibtelecom Masters"]
[Site "Gibraltar ENG"]
[Date "2006.01.28"]
[Round "5"]
[White "Flores Chico,J"]
[Black "Cmilyte,V"]
[Result "0-1"]
[WhiteElo "2136"]
[BlackElo "2475"]
[EventDate "2006.01.24"]

1. e4 c5 2. Nf3 Nc6 3. d4 cxd4 4. Nxd4 Nf6 5. Nc3 e5 6. Ndb5 d6 7. Bg5 a6
8. Na3 b5 9. Bxf6 gxf6 10. Nd5 f5 11. exf5 Bxf5 12. c3 Bg7 13. Nc2 O-O 14.
Nce3 Be6 15. Bd3 f5 16. Qh5 e4 17. Bc2 Ne7 18. Nf4 Bf7 19. Qh3 Qc8 20. O-O
b4 21. g4 fxg4 22. Nxg4 Bc4 23. Nh5 Be2 24. f3 Bxf3 25. Rxf3 Rxf3 26. Qh4
d5 27. Nxg7 Ng6 28. Qg5 Kxg7 29. Bd1 Rf4 30. h4 Qf5 31. Qh6+ Kh8 32. Ne3
Qh3 33. Ng2 Raf8 34. Bh5 Rf2 35. Qg5 Rxg2+ 36. Qxg2 Qxg2+ 0-1

[Event "Gibtelecom Masters"]
[Site "Gibraltar ENG"]
[Date "2006.01.28"]
[Round "5"]
[White "Fellousi,A"]
[Black "Quillan,G"]
[Result "0-1"]
[WhiteElo "2132"]
[BlackElo "2356"]
[EventDate "2006.01.24"]

1. e4 e6 2. d4 d5 3. e5 c5 4. c3 Nc6 5. Nf3 Bd7 6. Be2 Nge7 7. Na3 cxd4 8.
cxd4 Nf5 9. Nc2 Be7 10. O-O a5 11. Bd3 Qb6 12. Bxf5 exf5 13. Ne3 Be6 14. b3
O-O 15. g3 Rfc8 16. a3 Rc7 17. Qd3 g6 18. Bd2 Rac8 19. Rfb1 Na7 20. b4 a4
21. b5 Rc4 22. Nxc4 dxc4 23. Qe3 Nxb5 24. Bb4 Bxb4 25. Rxb4 Qc6 26. Rab1 c3
27. Rc1 Nxa3 28. Ne1 b5 29. Nd3 Nc4 30. Rxc3 Nxe3 31. Rxc6 Rxc6 32. fxe3
Rc3 33. Nc5 a3 0-1

[Event "Gibtelecom Masters"]
[Site "Gibraltar ENG"]
[Date "2006.01.28"]
[Round "5"]
[White "Houska,Jo"]
[Black "Goodger,M"]
[Result "1/2-1/2"]
[WhiteElo "2355"]
[BlackElo "2135"]
[EventDate "2006.01.24"]

1. e4 e5 2. Nf3 Nf6 3. Nxe5 d6 4. Nf3 Nxe4 5. Nc3 Nxc3 6. dxc3 Be7 7. Bf4
O-O 8. Qd2 Nd7 9. O-O-O Nc5 10. Nd4 Re8 11. f3 Ne6 12. Be3 Bg5 13. f4 Bf6
14. Nf3 Qd7 15. f5 Nf8 16. Bd3 Qa4 17. Kb1 c5 18. Bg5 c4 19. b3 Qa5 20.
Bxc4 Bxc3 21. Qd5 Qc7 22. Bf4 Be5 23. Rhe1 Bxf5 24. Nxe5 dxe5 25. Bxe5 Qd7
26. Qf3 Qc8 27. Qc3 Ne6 28. g4 Bg6 29. h4 h6 30. h5 Bh7 31. Rf1 b5 32. Bxb5
Qxc3 33. Bxc3 Rec8 34. Bc4 Rab8 35. Bb2 Rd8 36. Kc1 Ng5 37. a4 Be4 38. Rde1
Bf3 39. Re7 Rb7 40. Ba3 Bd5 41. Rd1 Rxe7 42. Bxe7 Re8 43. Rxd5 Rxe7 44.
Rd8+ Kh7 45. Bd3+ g6 46. hxg6+ fxg6 47. Rd6 Ne6 48. b4 Kg7 49. Kd2 h5 50.
gxh5 gxh5 51. Rd5 Nf4 52. Rf5 Nxd3 53. Kxd3 Kg6 54. Rf1 h4 55. c4 h3 56.
Kd4 h2 57. a5 Rh7 58. Rh1 Kf6 59. b5 Ke6 60. Kc5 Kd7 61. a6 Kc7 62. Kb4 Rh3
63. c5 Rh4+ 64. Kc3 Rh3+ 65. Kd4 Rh4+ 66. Ke3 Rh5 67. b6+ axb6 68. a7 Kb7
69. cxb6 Rb5 70. Rxh2 Rxb6 71. Rh7+ Ka8 72. Kd4 Rb7 73. Rxb7 Kxb7 1/2-1/2

[Event "Gibtelecom Masters"]
[Site "Gibraltar ENG"]
[Date "2006.01.28"]
[Round "5"]
[White "Bakker,S"]
[Black "Ocana Roca,J"]
[Result "0-1"]
[WhiteElo "2308"]
[BlackElo "2125"]
[EventDate "2006.01.24"]

1. d4 Nf6 2. c4 g6 3. f3 Bg7 4. e4 d6 5. Nc3 O-O 6. Be3 Nc6 7. Nge2 a6 8.
Qd2 Rb8 9. Rb1 b5 10. cxb5 axb5 11. b4 e5 12. d5 Ne7 13. Nc1 Bd7 14. Nb3
Nh5 15. g4 Nf4 16. Bxf4 exf4 17. Nd4 f5 18. gxf5 gxf5 19. Bxb5 Bxd4 20.
Bxd7 Be3 21. Be6+ Kh8 22. Qe2 Qe8 23. Nd1 Bd4 24. Qd3 Be5 25. exf5 Qh5 26.
Nf2 Nxf5 27. Bxf5 Rxf5 28. Ng4 Bg7 29. O-O Rxd5 30. Qc4 Rd2 31. Rbd1 Rb2
32. Qxc7 Rg8 33. Qxd6 Be5 34. Qe6 Qxh2+ 0-1

[Event "Gibtelecom Masters"]
[Site "Gibraltar ENG"]
[Date "2006.01.28"]
[Round "5"]
[White "Swathi,G"]
[Black "Fox,An"]
[Result "1-0"]
[WhiteElo "2244"]
[BlackElo "2104"]
[EventDate "2006.01.24"]

1. e4 e5 2. Nf3 Nc6 3. Bb5 a6 4. Ba4 Nf6 5. O-O Be7 6. Re1 b5 7. Bb3 d6 8.
c3 O-O 9. d4 Bg4 10. Be3 Na5 11. Bc2 c5 12. dxe5 Bxf3 13. Qxf3 dxe5 14. Nd2
Qc7 15. Qf5 g6 16. Qh3 Rfe8 17. b3 c4 18. b4 Nc6 19. a4 h5 20. Bg5 Ng4 21.
Bxe7 Qxe7 22. Qf3 Rad8 23. Nf1 Rd6 24. axb5 axb5 25. h3 Nf6 26. Qe3 Rb8 27.
Ra2 Rd7 28. Ra6 Rd6 29. Rea1 Kg7 30. Qg3 Qe6 31. R6a2 Rbd8 32. Ne3 Kh7 33.
Qg5 Qe7 34. Ra6 Rb8 35. Kh1 Nd5 36. Qxe7 Ndxe7 37. Nd5 Ng8 38. g3 Kg7 39.
f4 exf4 40. gxf4 Kf8 41. Bd1 Nge7 42. Bf3 Rdd8 43. Nf6 Rd3 44. Bg2 Rbd8 45.
e5 Nb8 46. Ra8 Nf5 47. R1a7 Ne3 48. Bf3 Nf5 49. Bd5 Rd1+ 50. Kh2 Rd2+ 51.
Kg1 R2xd5 52. Nxd5 Rxd5 53. Rxb8+ Kg7 54. e6 1-0

[Event "Gibtelecom Masters"]
[Site "Gibraltar ENG"]
[Date "2006.01.28"]
[Round "5"]
[White "Coimbra,M"]
[Black "Thipsay,B"]
[Result "1/2-1/2"]
[WhiteElo "2083"]
[BlackElo "2219"]
[EventDate "2006.01.24"]

1. e4 c6 2. d4 d5 3. Nd2 dxe4 4. Nxe4 Nd7 5. Nf3 Ngf6 6. Ng3 e6 7. Bd3 Bd6
8. O-O O-O 9. Qe2 Re8 10. Ne5 c5 11. Nxd7 Bxd7 12. Ne4 Nxe4 13. Qxe4 f5 14.
Qxb7 cxd4 15. Bg5 Qc8 16. Qxc8 Raxc8 17. f4 Bc6 18. Bh4 Be4 19. Bf2 e5 20.
Rfe1 exf4 21. Bxd4 Bc5 22. Bxc5 Rxc5 23. c4 Rb8 24. Bxe4 fxe4 25. Rxe4 Rxb2
26. Rxf4 Rc2 27. Re1 Rc8 28. Re7 Rxa2 1/2-1/2

[Event "Gibtelecom Masters"]
[Site "Gibraltar ENG"]
[Date "2006.01.28"]
[Round "5"]
[White "Almer,J"]
[Black "Gokhale,A"]
[Result "0-1"]
[WhiteElo "1848"]
[BlackElo "2198"]
[EventDate "2006.01.24"]

1. e4 e5 2. Nf3 Nc6 3. Bb5 a6 4. Ba4 Nf6 5. O-O Be7 6. Bxc6 dxc6 7. d3 Nd7
8. b3 f6 9. Bb2 Nc5 10. Nbd2 Bg4 11. h3 Bh5 12. Re1 Ne6 13. Nf1 Ng5 14.
N1h2 Qd7 15. d4 exd4 16. Qxd4 Nxf3+ 17. Nxf3 Bxf3 18. Qxd7+ Kxd7 19. gxf3
Ke6 20. Rad1 Rad8 21. f4 Bb4 22. c3 Bd6 23. Bc1 f5 24. e5 Be7 25. Kg2 h6
26. Kf3 g5 27. Rg1 Rhg8 28. c4 g4+ 29. hxg4 Rxg4 30. Be3 Rxd1 31. Rxd1 h5
32. Rh1 h4 33. Ke2 Rg8 34. f3 Rg2+ 35. Kf1 Rxa2 36. Bf2 Ra1+ 37. Kg2 Rxh1
38. Kxh1 b5 39. Be1 Bc5 40. Bd2 Bb6 41. Kg2 a5 42. Kh3 a4 43. bxa4 bxa4 44.
Kxh4 a3 45. Bc3 Be3 0-1

[Event "Gibtelecom Masters"]
[Site "Gibraltar ENG"]
[Date "2006.01.28"]
[Round "5"]
[White "Tscharotschkin,M"]
[Black "Cafolla,P"]
[Result "1/2-1/2"]
[WhiteElo "2227"]
[BlackElo "2080"]
[EventDate "2006.01.24"]

1. e4 c6 2. d3 d5 3. Nd2 e5 4. Ngf3 Bd6 5. g3 Bg4 6. Bg2 Nf6 7. O-O O-O 8.
c3 Nbd7 9. Qc2 Re8 10. Re1 Rc8 11. h3 Bh5 12. Nh4 Qc7 13. g4 Bg6 14. Nxg6
hxg6 15. Nf1 dxe4 16. dxe4 Bc5 17. Be3 Rcd8 18. Rad1 Bxe3 19. Nxe3 Nc5 20.
Nf1 Rxd1 21. Rxd1 Rd8 22. Ne3 1/2-1/2

[Event "Gibtelecom Masters"]
[Site "Gibraltar ENG"]
[Date "2006.01.28"]
[Round "5"]
[White "Guski,D"]
[Black "Van den Bersselaar,J"]
[Result "0-1"]
[WhiteElo "2106"]
[BlackElo "2222"]
[EventDate "2006.01.24"]

1. e4 e5 2. Nf3 Nc6 3. d4 exd4 4. Bc4 Nf6 5. e5 Ne4 6. Qe2 Nc5 7. O-O Ne6
8. Rd1 d5 9. Bb5 Bc5 10. c3 O-O 11. Bxc6 bxc6 12. Nxd4 Bb7 13. Be3 Bb6 14.
Nd2 c5 15. Nf5 f6 16. Qg4 Kh8 17. f4 Qe8 18. Nb3 Qf7 19. Nh4 f5 20. Qe2 a5
21. Qf2 Qe7 22. a4 g5 23. fxg5 f4 24. Bc1 Nxg5 25. Nf3 Nxf3+ 26. gxf3 Qxe5
27. Re1 Qh5 28. Bd2 d4 29. cxd4 Rg8+ 30. Kf1 Ba6+ 31. Re2 Rae8 0-1

[Event "Gibtelecom Masters"]
[Site "Gibraltar ENG"]
[Date "2006.01.28"]
[Round "5"]
[White "Giacopelli,V"]
[Black "Smith,AP"]
[Result "0-1"]
[WhiteElo "2102"]
[BlackElo "2200"]
[EventDate "2006.01.24"]

1. b3 d5 2. Bb2 Bg4 3. g3 c6 4. Bg2 Nd7 5. Nf3 Ngf6 6. d3 e6 7. Nbd2 Bd6 8.
O-O O-O 9. c4 e5 10. Qc2 Re8 11. e4 dxe4 12. dxe4 Qb6 13. h3 Bxf3 14. Bxf3
Rad8 15. Rad1 Nc5 16. Be2 Bb8 17. Kg2 h6 18. Bc3 a5 19. Rb1 Qc7 20. a3 Ne6
21. b4 Nd4 22. Bxd4 exd4 23. Qd3 axb4 24. axb4 g5 25. f4 gxf4 26. Rxf4 Qe7
27. Rh4 Kg7 28. Rf1 Rg8 29. c5 Kf8 30. Rf3 Nd7 31. Nc4 Qxh4 0-1

[Event "Gibtelecom Masters"]
[Site "Gibraltar ENG"]
[Date "2006.01.28"]
[Round "5"]
[White "Osuna Vega,E"]
[Black "Rautanen,S"]
[Result "1-0"]
[WhiteElo "2192"]
[BlackElo "1929"]
[EventDate "2006.01.24"]

1. Nf3 d6 2. e4 Nf6 3. Nc3 e5 4. d4 Nbd7 5. Bc4 Be7 6. O-O O-O 7. a4 c6 8.
Re1 b6 9. Bg5 a6 10. Bxf6 Bxf6 11. d5 c5 12. Bd3 g6 13. Nd2 Bg7 14. Nc4 Qc7
15. Ne3 Nf6 16. g3 Kh8 17. h4 h5 18. b3 Bh6 19. Nf1 Qe7 20. Nh2 Ng4 21.
Nxg4 Bxg4 22. Be2 Bxe2 23. Qxe2 Qd7 24. Kg2 f6 25. Reb1 Rfc8 26. Nd1 f5 27.
exf5 Qxf5 28. Nc3 Bg7 29. Ne4 Rd8 30. b4 Rab8 31. c4 Bf8 32. Rb3 cxb4 33.
Rxb4 Rd7 34. Rab1 Rdb7 35. a5 b5 36. Ng5 Qd7 37. cxb5 axb5 38. Qd3 Qf5 39.
Qe2 Bh6 40. Ne4 Qd7 41. Nc3 Ra8 42. Rxb5 Rxb5 43. Rxb5 Qc7 44. Ne4 Rxa5 45.
Nxd6 Rxb5 46. Nxb5 Qc5 47. Qxe5+ Bg7 48. Qe8+ Kh7 49. Qc6 Qf8 50. d6 Bf6
51. d7 Kh6 52. Qd5 Bd8 53. Nd6 Kg7 54. Nb7 Bb6 55. Qd2 1-0

[Event "Gibtelecom Masters"]
[Site "Gibraltar ENG"]
[Date "2006.01.28"]
[Round "5"]
[White "Elamri,L"]
[Black "Dunn,An1"]
[Result "0-1"]
[WhiteElo "1921"]
[BlackElo "2188"]
[EventDate "2006.01.24"]

1. e4 c6 2. d4 d5 3. Nc3 dxe4 4. Nxe4 Bf5 5. Ng3 Bg6 6. Nf3 Nd7 7. h4 h6 8.
h5 Bh7 9. Bd3 Bxd3 10. Qxd3 Ngf6 11. Bd2 e6 12. c4 Qc7 13. Bc3 Bd6 14. Ne4
Nxe4 15. Qxe4 Nf6 16. Qe2 O-O-O 17. O-O-O Rhe8 18. Kb1 c5 19. dxc5 Qxc5 20.
b3 Bc7 21. Ne5 Bxe5 22. Bxe5 Rxd1+ 23. Rxd1 Rd8 24. Rxd8+ Kxd8 25. Bxf6+
gxf6 26. Kc2 Ke7 27. Kc3 Qa5+ 28. Kd4 b6 29. Kd3 Qf5+ 30. Kd2 Qg5+ 31. Kc3
Qxg2 32. Qe3 Qg5 33. Qxg5 fxg5 34. Kd4 Kd6 35. b4 f6 36. a4 e5+ 37. Ke4 Ke6
38. f3 f5+ 39. Ke3 Kd6 40. Kd3 Kc6 41. Ke3 a5 42. bxa5 bxa5 43. Kd3 Kc5 44.
Kc3 e4 45. fxe4 fxe4 46. Kb3 g4 0-1

[Event "Gibtelecom Masters"]
[Site "Gibraltar ENG"]
[Date "2006.01.28"]
[Round "5"]
[White "El Amari,K"]
[Black "Phillips,G"]
[Result "1-0"]
[WhiteElo "2137"]
[BlackElo "1790"]
[EventDate "2006.01.24"]

1. e4 c5 2. Nc3 Nc6 3. g3 Nf6 4. Bg2 d6 5. Nge2 Bg4 6. f3 Bd7 7. O-O e6 8.
d3 Nd4 9. Be3 Qb6 10. Rb1 Be7 11. b4 e5 12. Nd5 Nxd5 13. exd5 Nxe2+ 14.
Qxe2 Qc7 15. bxc5 dxc5 16. f4 Rb8 17. fxe5 Qxe5 18. Qf2 O-O 19. Bf4 Qd4 20.
Bxb8 Qxf2+ 21. Rxf2 Rxb8 22. d6 Bf6 23. Rxf6 gxf6 24. Rxb7 Rxb7 25. Bxb7
Kg7 26. c4 f5 27. d4 1-0

[Event "Gibtelecom Masters"]
[Site "Gibraltar ENG"]
[Date "2006.01.28"]
[Round "5"]
[White "Pannekoek,W"]
[Black "Mohamed,MA"]
[Result "1/2-1/2"]
[WhiteElo "2083"]
[BlackElo "2107"]
[EventDate "2006.01.24"]

1. e4 c5 2. Nf3 Nc6 3. d4 cxd4 4. Nxd4 g6 5. c4 Bg7 6. Be3 Nf6 7. Nc3 O-O
8. Be2 d6 9. O-O Bd7 10. Qd2 Nxd4 11. Bxd4 Bc6 12. f3 Nd7 13. Kh1 Bxd4 14.
Qxd4 a5 15. f4 Qb6 16. Qd2 Rac8 17. Bg4 f5 18. exf5 gxf5 19. Bf3 Nf6 20.
Rae1 Rf7 21. b3 Qc5 22. Re2 Rcf8 23. Nd5 Bxd5 24. Bxd5 Nxd5 25. cxd5 Rc8
26. Qd3 Kf8 27. h3 Rc7 28. Rff2 Qc1+ 29. Kh2 Rc3 30. Qd2 Qxd2 31. Rxd2 Rc5
32. g4 fxg4 33. hxg4 h5 34. Kg3 hxg4 35. Kxg4 Rg7+ 36. Kf5 Kf7 37. Ke4 Rg1
38. Rh2 Re1+ 39. Kd4 Kf6 40. Rh8 Kf5 41. Rf8+ Kg4 42. Rg8+ Kf5 43. Rf8+ Kg4
44. Rg8+ Kf5 1/2-1/2

[Event "Gibtelecom Masters"]
[Site "Gibraltar ENG"]
[Date "2006.01.28"]
[Round "5"]
[White "Suuronen,P"]
[Black "Cannon,Ri"]
[Result "0-1"]
[WhiteElo "1931"]
[BlackElo "2087"]
[EventDate "2006.01.24"]

1. e4 e6 2. d3 d5 3. Nd2 Nf6 4. g3 dxe4 5. dxe4 e5 6. Bg2 Bc5 7. Ngf3 Nc6
8. O-O O-O 9. c3 a5 10. a4 h6 11. Nc4 Qxd1 12. Rxd1 Nxe4 13. Be3 Bxe3 14.
fxe3 Re8 15. Na3 Bg4 16. Nb5 Re7 17. Rd5 Be6 18. Rdd1 Bb3 19. Rd3 Nc5 20.
Rd2 Nxa4 21. Bh3 Nc5 22. Na3 a4 23. c4 Rd8 24. Rf1 Ne4 25. Rxd8+ Nxd8 26.
Bf5 Nd6 27. Bh3 Nxc4 28. Nxc4 Bxc4 29. Ra1 Bd5 30. Nd2 Bc6 31. Nb1 b5 32.
Nc3 Ne6 33. Bf1 Ng5 34. Bxb5 Nf3+ 35. Kg2 Bxb5 36. Nxb5 e4 37. Rxa4 f5 38.
Ra8+ Kh7 39. Rd8 Re5 40. Nd4 Nxd4 41. Rxd4 Rb5 42. Rd2 Rb3 43. Kf2 Kg6 44.
Rc2 c5 45. Rd2 Kf6 46. Rc2 Rb5 47. Kg2 g5 48. Kf2 Ke5 49. Ke2 h5 50. Kf2 f4
51. gxf4+ gxf4 52. exf4+ Kxf4 53. Ke2 h4 54. Kf2 h3 55. Ke2 Rb8 56. Kf2 Rg8
57. Kf1 Rg5 58. b3 Kf3 59. Rf2+ Ke3 60. Rf8 Rg2 61. Rh8 Rxh2 62. Kg1 Rg2+
63. Kh1 Rg3 64. Kh2 Kf2 65. Rc8 Rc3 66. Rf8+ Rf3 67. Rc8 e3 68. Rxc5 e2 69.
Rc2 Kf1 70. b4 e1=Q 71. Rg2 hxg2 72. b5 Qh4+ 0-1

[Event "Gibtelecom Masters"]
[Site "Gibraltar ENG"]
[Date "2006.01.28"]
[Round "5"]
[White "Kuenitz,K"]
[Black "Hutchinson,N"]
[Result "0-1"]
[WhiteElo "1901"]
[BlackElo "2118"]
[EventDate "2006.01.24"]

1. e4 c6 2. e5 d5 3. exd6 exd6 4. d4 Nf6 5. Nc3 d5 6. Bd3 Bg4 7. f3 Bh5 8.
Nge2 Bg6 9. Be3 Bd6 10. Bf4 Qe7 11. Bxd6 Qxd6 12. Bxg6 hxg6 13. g3 Nbd7 14.
Qd2 O-O-O 15. Qf4 Qxf4 16. Nxf4 Rde8+ 17. Kf2 g5 18. Ng2 g4 19. Rae1 gxf3
20. Kxf3 Rxe1 21. Nxe1 Nf8 22. Nd3 Ne6 23. Ne2 Ng5+ 24. Kf2 Ng4+ 25. Kg2
Ne3+ 0-1

[Event "Gibtelecom Masters"]
[Site "Gibraltar ENG"]
[Date "2006.01.28"]
[Round "5"]
[White "Hickman,J"]
[Black "Villena Perez,J"]
[Result "1-0"]
[WhiteElo "2082"]
[BlackElo "1915"]
[EventDate "2006.01.24"]

1. e4 e6 2. d3 d5 3. Qe2 dxe4 4. dxe4 Nf6 5. e5 Nd5 6. Nf3 Be7 7. c4 Nb6 8.
Nc3 c6 9. Bf4 N8d7 10. Rd1 O-O 11. Ne4 Bb4+ 12. Bd2 Bxd2+ 13. Rxd2 Qe7 14.
Nd6 Rd8 15. Qe4 h6 16. Bd3 f5 17. exf6 Nxf6 18. Nxc8 Raxc8 19. Qe2 Nbd7 20.
O-O Nf8 21. Rfd1 Rd6 22. Bh7+ N6xh7 23. Rxd6 Qc7 24. Qd3 Qb6 25. b3 Qa5 26.
Qd2 Qa3 27. h3 Nf6 28. Qe2 Qa5 29. Rxe6 Qf5 30. Re5 Qg6 31. Re7 Nh5 32. Qe4
Qxe4 33. Rxe4 Rc7 34. Rde1 Nf6 35. Re7 Rd7 36. Rxd7 N8xd7 37. Ne5 Nxe5 38.
Rxe5 Kf7 39. f4 Nd7 40. Re3 Nc5 41. f5 Na6 42. a3 Nc5 43. g4 Nd7 44. Kg2
Nf6 45. Kf3 Nh7 46. h4 Nf8 47. Kf4 Nd7 48. g5 hxg5+ 49. hxg5 a6 50. b4 Nb6
51. Re4 Nd7 52. c5 Kf8 53. Rd4 Ke7 54. Rxd7+ Kxd7 55. Ke5 Ke7 56. a4 a5 57.
bxa5 Ke8 58. Ke6 1-0